000 00685nam a22001817a 4500
003 UA-OsUOA
001 14921
007 ta
008 20031025b un ||||| |||| 00| 0 ukr d
100 _aДраганчук М.
942 _cSA
040 _aUA-OsUOA
_cUA-OsUOA
_dUA-OsUOA
245 _aКозаки над Случем куліш варили: [В с. Стрільськ Сарнен. р-ну на стадіоні пройшли зонал. змагання "Козацькі ігри-2003"]
300 _aС.6
955 _a0
773 0 _w0
_tСарненські новини
_dСарни
_d2003
_g№81/82/ 21 серп./
650 7 _aКраєзнавча робота
_2UDC
999 _c301086
_d301086